10 villes qui sont traversées par le RER D - Statistiques

Statistiques générales
  • Ce quiz a été pris 39 fois
  • Le résultat moyen est 5 sur 10
Statistiques - réponses
Ville % Correct
2 Paris
92%
5 Corbeil
62%
6 Evry
62%
1 Creil
59%
8 Melun
56%
10 Sarcelles
49%
7 Grigny
41%
9 Gonesse
21%
3 Yerres
13%
4 Villabé
8%
Aucun quiz correspondant
Distribution des résultats
% des personnes avec chaque résultat
Percentile par nombre de réponses
Votre historique - résultats
Vous n’avez pas pris ce quiz